[Event "Greifswald Ryck op"]
[Site "Greifswald"]
[Date "2024.07.28"]
[Round "7"]
[White "Helbig, Frieda"]
[Black "Hartung, Kim"]
[Result "1/2-1/2"]
[WhiteElo "920"]
[BlackElo "1598"]
[PlyCount "45"]
[EventDate "2024.07.24"]
[EventType "swiss"]
[EventRounds "7"]
[EventCountry "GER"]
[SourceTitle "EXT 2025"]
[Source "ChessBase"]
[SourceDate "2024.10.14"]
[SourceVersion "1"]
[SourceVersionDate "2024.10.14"]
[SourceQuality "1"]

1. e4 c6 2. d4 d5 3. exd5 cxd5 4. Bd3 Nf6 5. Nf3 Bg4 6. 0-0 Nc6 7. c3 e6 8. Bg5 h6 9. Bh4 Be7 10. Nbd2 0-0 11. h3 Bh5 12. Re1 Rc8 13. a3 a6 14. Qb3 Na5 15. Qa2 b5 16. Ne5 Nc4 17. Ndxc4 bxc4 18. Bc2 Nd7 19. Nxd7 Qxd7 20. Bxe7 Qxe7 21. b3 Qg5 22. bxc4 Bf3 23. g3 1/2-1/2

[Event "GER-ch U08 Girls"]
[Site "Willingen"]
[Date "2024.05.25"]
[Round "7"]
[White "Oezdemir, Anna Valentina"]
[Black "Helbig, Frieda"]
[Result "1/2-1/2"]
[WhiteElo "955"]
[BlackElo "813"]
[PlyCount "61"]
[EventDate "2024.05.22"]
[EventType "swiss"]
[EventRounds "7"]
[EventCountry "GER"]
[SourceTitle "CBM 220 Extra"]
[Source "ChessBase"]
[SourceDate "2024.07.31"]
[SourceVersion "1"]
[SourceVersionDate "2024.07.31"]
[SourceQuality "1"]

1. e4 e5 2. Nf3 Nc6 3. d4 exd4 4. Bc4 Nf6 5. e5 d5 6. Bb5 Ne4 7. Nxd4 Bd7 8. Bxc6 bxc6 9. 0-0 Bc5 10. Be3 0-0 11. Nd2 Nxd2 12. Qxd2 Rb8 13. b4 Bxb4 14. Qc1 Qe7 15. Nf3 a6 16. Bg5 Qe6 17. Qe3 Ba5 18. Nd4 Qg6 19. Rad1 Rb2 20. a3 h6 21. Bf4 c5 22. Ne2 Rxc2 23. Rc1 Rxc1 24. Nxc1 d4 25. Qe2 Bh3 26. Bg3 Bg4 27. Qa2 Bf5 28. h3 Bd7 29. Rd1 Bc6 30. Nb3 Qe4 31. f3 1/2-1/2

[Event "GER-ch U08 Girls"]
[Site "Willingen"]
[Date "2024.05.23"]
[Round "3"]
[White "Helbig, Frieda"]
[Black "Schaper, Alicia"]
[Result "0-1"]
[WhiteElo "813"]
[BlackElo "868"]
[PlyCount "88"]
[EventDate "2024.05.22"]
[EventType "swiss"]
[EventRounds "7"]
[EventCountry "GER"]
[SourceTitle "CBM 220 Extra"]
[Source "ChessBase"]
[SourceDate "2024.07.31"]
[SourceVersion "1"]
[SourceVersionDate "2024.07.31"]
[SourceQuality "1"]

1. e4 c5 2. Nf3 d6 3. Bc4 e6 4. 0-0 Nf6 5. a3 Be7 6. h3 0-0 7. d3 b6 8. Nc3 Bb7 9. Be3 Nbd7 10. Qd2 d5 11. Ba2 d4 12. Bg5 dxc3 13. bxc3 Rc8 14. Rab1 h6 15. Bh4 Re8 16. c4 Bd6 17. Rb2 Ne5 18. Nxe5 Bxe5 19. Rbb1 Bxe4 20. Qe2 Bxd3 21. cxd3 Bc7 22. Rfe1 Qd6 23. Bg3 Qc6 24. Bxc7 Rxc7 25. Qe5 Rd8 26. Qg3 Rcd7 27. Re3 Rd4 28. Rd1 Nh5 29. Qe5 Rh4 30. Rde1 Nf4 31. Rg3 Ng6 32. Qc3 Rhd4 33. Qd2 Qc7 34. Re4 Rxe4 35. Qc3 Red4 36. Qe1 Rxd3 37. Bb1 Rd1 38. Re3 Rxe1+ 39. Rxe1 Rd2 40. g3 Qd6 41. Be4 Qe5 42. Bf3 Qxe1+ 43. Kg2 Qxf2+ 44. Kh1 Qh2# 0-1

[Event "GER-ch U08 Girls"]
[Site "Willingen"]
[Date "2024.05.22"]
[Round "2"]
[White "Kruijssen, Hilde"]
[Black "Helbig, Frieda"]
[Result "1-0"]
[WhiteElo "977"]
[BlackElo "813"]
[PlyCount "121"]
[EventDate "2024.05.22"]
[EventType "swiss"]
[EventRounds "7"]
[EventCountry "GER"]
[SourceTitle "CBM 220 Extra"]
[Source "ChessBase"]
[SourceDate "2024.07.31"]
[SourceVersion "1"]
[SourceVersionDate "2024.07.31"]
[SourceQuality "1"]

1. e4 e5 2. Nf3 Nc6 3. Bc4 Nf6 4. d4 d6 5. d5 Ne7 6. Nc3 h6 7. 0-0 Ng6 8. Be3 Be7 9. Qd2 0-0 10. h3 a6 11. a4 Bd7 12. Rfd1 Rb8 13. Nh2 c6 14. dxc6 bxc6 15. b3 Qc7 16. f4 Nxf4 17. Bxf4 exf4 18. Qxf4 Be6 19. Be2 Rb4 20. Bxa6 Qb6+ 21. Kh1 d5 22. Be2 dxe4 23. Qg3 e3 24. Nf3 Rd8 25. a5 Rxd1+ 26. Rxd1 Qxa5 27. Ne5 Bd6 28. Rxd6 Bf5 29. Nxc6 Qa1+ 30. Kh2 Rb7 31. Rd8+ Kh7 32. Qxe3 Qe1 33. Qc5 Be4 34. Bd3 Ng4+ 35. hxg4 Qh4+ 36. Kg1 Bxd3 37. Rxd3 Rc7 38. Qf5+ g6 39. Nb4 gxf5 40. gxf5 Re7 41. Rd1 Qg4 42. Ncd5 Re2 43. Nf6+ Kg7 44. Nxg4 h5 45. Nf2 h4 46. c4 Kf8 47. Rd8+ Ke7 48. Rd5 Re1+ 49. Kh2 Rf1 50. Nh3 f6 51. c5 Kf7 52. c6 Kg7 53. c7 Kh6 54. c8Q Kh5 55. Qh8+ Kg4 56. Rd4+ Kxf5 57. Qh5+ Ke6 58. Qd5+ Ke7 59. Qd7+ Kf8 60. Rc4 Kg8 61. Rc8# 1-0